<?xml version="1.0" encoding="UTF-8"?><?xml-stylesheet type="text/xsl" href="static/style.xsl"?><OAI-PMH xmlns="http://www.openarchives.org/OAI/2.0/" xmlns:xsi="http://www.w3.org/2001/XMLSchema-instance" xsi:schemaLocation="http://www.openarchives.org/OAI/2.0/ http://www.openarchives.org/OAI/2.0/OAI-PMH.xsd"><responseDate>2026-04-19T04:32:57Z</responseDate><request verb="GetRecord" identifier="oai:riubu.ubu.es:10259/10983" metadataPrefix="marc">https://riubu.ubu.es/oai/request</request><GetRecord><record><header><identifier>oai:riubu.ubu.es:10259/10983</identifier><datestamp>2025-10-22T00:05:42Z</datestamp><setSpec>com_10259_4839</setSpec><setSpec>com_10259_5086</setSpec><setSpec>com_10259_2604</setSpec><setSpec>col_10259_4840</setSpec></header><metadata><record xmlns="http://www.loc.gov/MARC21/slim" xmlns:doc="http://www.lyncode.com/xoai" xmlns:xsi="http://www.w3.org/2001/XMLSchema-instance" xmlns:dcterms="http://purl.org/dc/terms/" xsi:schemaLocation="http://www.loc.gov/MARC21/slim http://www.loc.gov/standards/marcxml/schema/MARC21slim.xsd">
<leader>00925njm 22002777a 4500</leader>
<datafield tag="042" ind1=" " ind2=" ">
<subfield code="a">dc</subfield>
</datafield>
<datafield tag="720" ind1=" " ind2=" ">
<subfield code="a">Segura Zariquiegui, Ainhoa</subfield>
<subfield code="e">author</subfield>
</datafield>
<datafield tag="260" ind1=" " ind2=" ">
<subfield code="c">2013-07</subfield>
</datafield>
<datafield tag="520" ind1=" " ind2=" ">
<subfield code="a">El genial poeta peruano César Vallejo se vio poderosamente influenciado en el comienzo de su andadura poética por el modernismo, y sobre todo por uno de los más grandes representantes de este movimiento: Rubén Darío. El trabajo muestra con precisión y coherencia, en primer lugar, las influencias modernistas de Vallejo en su poesía y pasa a analizar el alejamiento de Vallejo de esta tendencia artística. Todo el trayecto de adhesión primitiva y separación posterior se puede observar en su primera obra titulada Los heraldos negros. La progresión personal de este maravilloso poeta es analizada en profundidad y explicada de forma muy pertinente en el artículo. Se analizan el contexto social y cultural del Perú de la época, así como el impacto del modernismo en la capital peruana inherente en la poesía vallejiana. Y lo más relevante, se explica cómo al alejarse del modernismo, Vallejo se acerca a su tierra, a su mundo indígena, del cual surge toda la fuerza poética del bardo peruano.</subfield>
</datafield>
<datafield tag="520" ind1=" " ind2=" ">
<subfield code="a">The brilliant Peruvian poet Cesar Vallejo was powerfully influenced in the beginning for the modernism, and especially for one of the biggest representatives of this movement: Rubén Darío. The work shows accurately and coherence, firstly, Vallejo's modernist influences in his poetry; and, secondly, Vallejo's withdrawal of this artistic trend. The whole distance of primitive adhesion and later separation can be observed in his first poet work titled Los Heraldos negros. The personal progression of this wonderful poet is analyzed in depth and explained of very pertinent form in the article. There is analyzed the social and cultural context of Peru as well as the impact of the modernism in the Peruvian capital. And the most relevant thing, Vallejo approaches his land, to his indigenous world, from which there arises all the poetical force of the Peruvian bard.</subfield>
</datafield>
<datafield tag="024" ind2=" " ind1="8">
<subfield code="a">1577-6921</subfield>
</datafield>
<datafield tag="024" ind2=" " ind1="8">
<subfield code="a">https://hdl.handle.net/10259/10983</subfield>
</datafield>
<datafield ind1=" " ind2=" " tag="653">
<subfield code="a">Literatura</subfield>
</datafield>
<datafield ind1=" " ind2=" " tag="653">
<subfield code="a">Poesía</subfield>
</datafield>
<datafield ind1=" " ind2=" " tag="653">
<subfield code="a">Modernismo</subfield>
</datafield>
<datafield ind1=" " ind2=" " tag="653">
<subfield code="a">Indigenismo</subfield>
</datafield>
<datafield ind1=" " ind2=" " tag="653">
<subfield code="a">Vallejo</subfield>
</datafield>
<datafield ind1=" " ind2=" " tag="653">
<subfield code="a">Literature</subfield>
</datafield>
<datafield ind1=" " ind2=" " tag="653">
<subfield code="a">Poetry</subfield>
</datafield>
<datafield ind1=" " ind2=" " tag="653">
<subfield code="a">Modernisms</subfield>
</datafield>
<datafield ind1=" " ind2=" " tag="653">
<subfield code="a">Indigenous</subfield>
</datafield>
<datafield tag="245" ind1="0" ind2="0">
<subfield code="a">Vallejo y los Heraldos negros: del modernismo al lenguaje vallejiano</subfield>
</datafield>
</record></metadata></record></GetRecord></OAI-PMH>